000 00845nam a22002297a 4500
005 20260427105700.0
008 260427b |||||||| |||| 00| 0 eng d
020 _a9789381922736 (hbk)
037 _cTB
040 _aCRL
_cCRL
041 _2hin
_ahin
084 _aO152,1NSIx Q3
_qCRL
100 _aसिंह, तारा
_91235579
245 _aसैर - ए - गुलिस्तां
260 _aदिल्ली, भारत:
_bमीनाक्षी प्रकाशन,
_c2013.
300 _a96पृ.
365 _b100.00
_cINR
650 _aहिन्दी कविता
650 _aहिन्दी साहित्य
942 _2CC
_cTB
_hO152,1NSIx Q3
_n0
999 _c1848552
_d1848552